000 00850nam a2200241 a 4500
001 44519
003 BD-RjUL
005 20211209053855.0
008 160718s1961 bg ||||| |||| 00| 0 ben d
035 _a(BD-RjUL)44637
040 _aBD-RjUL
_bben
_cBD-RjUL
041 _aben
082 _223
_a782.42162
_bHAH 1961
100 _aহাই, আবদুল
_9127542
245 _aহারামনি /
_cআবদুল হাই ; মনসুর উদ্দীন
260 _aঢাকা :
_bবাঙালা একাডেমী,
_c১৯৬১
300 _a২২৪ পৃ. ;
_c২১ সেমি.
504 _aপ্রমাণ পঞ্জি সংযুক্ত
650 _aপল্লীগীতি
_9117897
650 _aFlok songs
_9136620
700 _aউদ্দীন, মনসুর
_9136621
942 _2ddc
_cBK
999 _c44519
_d44519